Statistics for Unique two letter countries

Click here to take the quiz!

General Stats

  • This quiz has been taken 22 times
    (8 since last reset)
  • The average score is 59 of 86

Answer Stats

HintAnswer% Correct
NLFinland
100%
FGAfghanistan
88%
CZCzech Republic
88%
RYHungary
88%
AQIraq
88%
JOJordan
88%
BYLibya
88%
UXLuxembourg
88%
XELuxembourg
88%
XIMexico
88%
EXMexico
88%
PPPhilippines
88%
PHPhilippines
88%
QAQatar
88%
SPSpain
88%
NZTanzania
88%
KRUkraine
88%
UKUkraine
88%
YEYemen
88%
BWZimbabwe
88%
GLBangladesh
75%
SNBosnia
75%
RZBosnia and Herzegovina
75%
OOCameroon
75%
DJDjibouti
75%
PTEgypt
75%
EEGreece
75%
HSKazakhstan
75%
KHKazakhstan
75%
KUKuwait
75%
UWKuwait
75%
HTLiechtenstein
75%
NSLiechtenstein
75%
YSMalaysia
75%
CCMorocco
75%
OZMozambique
75%
IQMozambique
75%
SYSyria
75%
IWTaiwan
75%
AJTajikistan
75%
IKTajikistan
75%
OGTogo
75%
KMTurkmenistan
75%
ZBUzbekistan
75%
UZUzbekistan
75%
EKUzbekistan
75%
TNVietnam
75%
LBAlbania
63%
UMBelgium
63%
IZBelize
63%
BHBhutan
63%
ULBulgaria
63%
FABurkina Faso
63%
ODCambodia
63%
LVEl Salvador
63%
EQEquatorial Guinea
63%
UYGuyana
63%
AEIsrael
63%
LYItaly
63%
TVLatvia
63%
SCMadagascar
63%
RSMarshall Islands
63%
YCSeychelles
63%
UCSt Lucia
63%
TZSwitzerland
63%
IDTrinidad
63%
OBTrinidad and Tobago
63%
EZVenezuela
63%
ZUVenezuela
63%
HRBahrain
50%
DUHonduras
50%
KYKyrgyzstan
50%
ZSKyrgyzstan
50%
YZKyrgyzstan
50%
EBLebanon
50%
LTMalta
50%
MYMyanmar
50%
NKSri Lanka
50%
UVTuvalu
50%
NUVanuatu
50%
IOEthiopia
38%
OPEthiopia
38%
AWMalawi
38%
TYVatican City
38%
EVSt Kitts and Nevis
25%
GDUnited Kingdom
25%

Score Distribution

Percentile by Number Answered

Percent of People with Each Score

Your Score History

You have not taken this quiz since the last reset